[Event "Main Vogelsberg op 16th"]
[Site "Waechtersbach"]
[Date "2022.10.03"]
[Round "6"]
[White "Mainka, Walter"]
[Black "Hochmuth, Lukas"]
[Result "1-0"]
[WhiteElo "1515"]
[BlackElo "1260"]
[PlyCount "81"]
[EventDate "2022.09.30"]
[EventType "swiss"]
[EventRounds "7"]
[EventCountry "GER"]
[SourceTitle "CBM 210 Extra"]
[Source "ChessBase"]
[SourceDate "2022.11.30"]
[SourceVersion "1"]
[SourceVersionDate "2022.11.30"]
[SourceQuality "1"]

1. Nf3 d5 2. d4 Nf6 3. e3 Bf5 4. a3 Nbd7 5. b4 e6 6. Bb2 Be7 7. Nbd2 0-0 8. c4 c6 9. Rc1 Rb8 10. Be2 b5 11. c5 Ng4 12. h3 Nh6 13. Nf1 f6 14. Ng3 Bg6 15. Bd3 Bxd3 16. Qxd3 Nf7 17. 0-0 e5 18. dxe5 Nfxe5 19. Nxe5 Nxe5 20. Bxe5 fxe5 21. e4 d4 22. Nf5 Rf6 23. Qg3 g6 24. Nh6+ Kg7 25. Ng4 Rf8 26. Nxe5 Bh4 27. Qg4 Qf6 28. Nf3 h5 29. Qxh4 g5 30. Qxg5+ Qxg5 31. Nxg5 Kh6 32. Ne6 Rg8 33. Nxd4 h4 34. f3 Rg6 35. Nf5+ Kh5 36. Rcd1 Rg5 37. Rd6 Rxg2+ 38. Kh1 Ra8 39. Rh6+ Kg5 40. Kxg2 a5 41. f4# 1-0

[Event "Main Vogelsberg op 15th"]
[Site "Waechtersbach"]
[Date "2021.10.03"]
[Round "5.17"]
[White "Leitz, Markus"]
[Black "Mainka, Walter"]
[Result "1-0"]
[WhiteElo "1731"]
[BlackElo "1572"]
[PlyCount "61"]
[EventDate "2021.10.01"]
[EventType "swiss"]
[EventRounds "5"]
[EventCountry "GER"]
[SourceTitle "EXT 2023"]
[Source "ChessBase"]
[SourceDate "2022.10.05"]
[SourceVersion "1"]
[SourceVersionDate "2022.10.05"]
[SourceQuality "1"]

1. e4 c5 2. c3 e6 3. d4 cxd4 4. cxd4 d6 5. Nf3 a6 6. Bd3 Be7 7. 0-0 Nf6 8. Qc2 g6 9. Nc3 0-0 10. h3 Ne8 11. Be3 Nc6 12. a3 Ng7 13. Rad1 Qe8 14. d5 Na7 15. b4 b5 16. Ne2 e5 17. Rc1 Qd8 18. Qc7 Ne8 19. Qxd8 Bxd8 20. Bxa7 Bb7 21. Be3 Ng7 22. Ng5 h6 23. Nf3 Kh7 24. Nh2 f5 25. f4 fxe4 26. Bxe4 Nf5 27. fxe5 dxe5 28. g4 Bg5 29. Bxg5 Rac8 30. gxf5 hxg5 31. fxg6+ 1-0

[Event "Main Vogelsberg op 15th"]
[Site "Waechtersbach"]
[Date "2021.10.02"]
[Round "3.17"]
[White "Merges, Harald"]
[Black "Mainka, Walter"]
[Result "1-0"]
[WhiteElo "1758"]
[BlackElo "1572"]
[PlyCount "107"]
[EventDate "2021.10.01"]
[EventType "swiss"]
[EventRounds "5"]
[EventCountry "GER"]
[SourceTitle "EXT 2023"]
[Source "ChessBase"]
[SourceDate "2022.10.05"]
[SourceVersion "1"]
[SourceVersionDate "2022.10.05"]
[SourceQuality "1"]

1. e4 c5 2. c3 e6 3. d4 cxd4 4. cxd4 d6 5. Bd3 Be7 6. Nc3 a6 7. Be3 b5 8. Qb3 Nd7 9. Nge2 Bb7 10. a4 Qa5 11. Bd2 Qb6 12. axb5 axb5 13. Rxa8+ Bxa8 14. Qxb5 Ngf6 15. Qxb6 Nxb6 16. f3 0-0 17. 0-0 d5 18. exd5 Nbxd5 19. Nxd5 Bxd5 20. Nc3 Bb3 21. Rc1 Bb4 22. Kf2 h6 23. Nb1 Bd6 24. g3 Rd8 25. Bc4 Bxc4 26. Rxc4 e5 27. Bc3 exd4 28. Bxd4 Nd5 29. Nc3 Nb4 30. Ke2 Re8+ 31. Kd2 Rd8 32. Nb5 Be7 33. Kc3 Nd5+ 34. Kd3 Nb6 35. Rc6 Nd5 36. Ke4 Nb4 37. Rc4 Nd5 38. Na7 Rd7 39. Rc8+ Kh7 40. Nc6 Nf6+ 41. Bxf6 Bxf6 42. b4 g5 43. b5 Be7 44. Nxe7 Rxe7+ 45. Kd5 Re2 46. b6 Rxh2 47. b7 Rd2+ 48. Ke4 Re2+ 49. Kd3 Rb2 50. b8Q Rxb8 51. Rxb8 h5 52. Ke4 Kg6 53. Rh8 f5+ 54. Ke5 1-0

[Event "Main Vogelsberg op 14th"]
[Site "Waechtersbach"]
[Date "2019.06.10"]
[Round "7"]
[White "Mainka, Walter"]
[Black "Pishanidar, Borzou"]
[Result "1-0"]
[WhiteElo "1547"]
[BlackElo "1765"]
[PlyCount "167"]
[EventDate "2019.06.07"]
[EventType "swiss"]
[EventRounds "7"]
[EventCountry "GER"]
[SourceTitle "CBM 190 Extra"]
[Source "ChessBase"]
[SourceDate "2019.07.15"]
[SourceVersion "1"]
[SourceVersionDate "2019.07.15"]
[SourceQuality "1"]

1. Nf3 d5 2. d4 Nf6 3. e3 Bg4 4. Be2 e6 5. a3 c5 6. c3 Nbd7 7. b4 c4 8. Bb2 a5 9. b5 a4 10. Nbd2 Qb6 11. Ne5 Bf5 12. g4 Bg6 13. Nxg6 hxg6 14. g5 Ng8 15. Rb1 Qxb5 16. Bc1 Qc6 17. f4 Bd6 18. Nf3 f6 19. Qc2 Ne7 20. Qb2 b6 21. Bd1 Ra6 22. Qc2 Kf7 23. h4 b5 24. Rh2 Nf5 25. Qf2 Raa8 26. Bc2 Ne7 27. Bb2 Bc7 28. Kd2 Rag8 29. Rbh1 Rh5 30. Qg1 Nb8 31. Bd1 Ke8 32. Ne1 Rhh8 33. h5 Kd8 34. h6 f5 35. Nf3 Qe8 36. Rh4 Qf7 37. R1h3 Kc8 38. Qh1 Nd7 39. hxg7 Rxh4 40. Rxh4 Rxg7 41. Rh8+ Rg8 42. Rh7 Rg7 43. Rh8+ Kb7 44. Rh6 Ng8 45. Rh8 Qf8 46. Bc2 Bd6 47. Qa1 Qf7 48. Qh1 Qf8 49. Qa1 Kc8 50. Ke2 Kb7 51. Kd2 Rf7 52. Ke2 Qg7 53. Qh1 Nf8 54. Rh4 Nd7 55. Kd2 Qf8 56. Qa1 Ne7 57. Rh6 Rg7 58. Rh4 Nc8 59. Ke2 Qe7 60. Rh6 Nf8 61. Ne5 Bxe5 62. dxe5 Nd7 63. Qh1 Ncb6 64. Rh8 Nc5 65. Kd2 Ne4+ 66. Bxe4 dxe4 67. Kc1 Nd5 68. Qh3 Qc5 69. Kd2 Nxf4 70. exf4 Qf2+ 71. Kc1 Rd7 72. Qh1 Qxf4+ 73. Kb1 Qxe5 74. Re8 Qd5 75. Ka2 e3 76. Qh8 Kc7 77. Qf8 e2 78. Rc8+ Kb6 79. Rb8+ Rb7 80. Rd8 Qc6 81. Qf6 Qe4 82. Rd6+ Ka7 83. Rxe6 e1Q 84. Ra6+ 1-0

[Event "Main Vogelsberg op 14th"]
[Site "Waechtersbach"]
[Date "2019.06.09"]
[Round "4"]
[White "Hansch, Andreas"]
[Black "Mainka, Walter"]
[Result "1-0"]
[WhiteElo "1806"]
[BlackElo "1547"]
[PlyCount "97"]
[EventDate "2019.06.07"]
[EventType "swiss"]
[EventRounds "7"]
[EventCountry "GER"]
[SourceTitle "CBM 190 Extra"]
[Source "ChessBase"]
[SourceDate "2019.07.15"]
[SourceVersion "1"]
[SourceVersionDate "2019.07.15"]
[SourceQuality "1"]

1. d4 d5 2. c4 e6 3. Nc3 Nf6 4. Bf4 a6 5. c5 c6 6. h3 Nbd7 7. Nf3 b5 8. b4 Be7 9. e3 Nh5 10. Bh2 g6 11. Be2 Ng7 12. Nd2 f5 13. Nb3 Nf6 14. Na5 Bd7 15. Nb7 Qc8 16. Nd6+ Bxd6 17. Bxd6 Kf7 18. g4 Qd8 19. f3 Nfe8 20. Bg3 a5 21. a3 Nf6 22. 0-0 h5 23. g5 Nh7 24. h4 Nf8 25. Qd2 a4 26. e4 Kg8 27. exd5 exd5 28. Be5 Kh7 29. Rae1 Be6 30. Nxb5 cxb5 31. Bxb5 Bc8 32. Bf6 Qc7 33. Re7 Qg3+ 34. Qg2 Qxg2+ 35. Kxg2 Rg8 36. Bc6 Ra6 37. b5 Rxc6 38. bxc6 Nfe6 39. Rb1 Rf8 40. Rb5 Kg8 41. Ra5 Ne8 42. Be5 N6g7 43. Raa7 Ne6 44. Rh7 N6g7 45. Raxg7+ Nxg7 46. Rxg7+ Kh8 47. Rxg6+ Kh7 48. Rg7+ Kh8 49. g6 1-0

[Event "Heusenstamm Sparkassen op-B 3rd"]
[Site "Heusenstamm"]
[Date "2016.11.27"]
[Round "7"]
[White "Mainka, Walter"]
[Black "Peteani, Damien"]
[Result "0-1"]
[WhiteElo "1601"]
[BlackElo "1679"]
[PlyCount "72"]
[EventDate "2016.11.27"]
[EventType "swiss"]
[EventRounds "7"]
[EventCountry "GER"]
[SourceTitle "EXT 2018"]
[Source "ChessBase"]
[SourceDate "2017.10.13"]
[SourceVersion "1"]
[SourceVersionDate "2017.10.13"]
[SourceQuality "1"]

1. d4 e6 2. c4 f5 3. a3 Nf6 4. Nc3 c6 5. Nf3 d5 6. e3 Bd6 7. c5 Bc7 8. Be2 b6 9. b4 Bb7 10. Bb2 Ne4 11. Rc1 b5 12. g3 0-0 13. 0-0 Nd7 14. Nxe4 fxe4 15. Ne1 Nf6 16. Ng2 Bc8 17. a4 a6 18. axb5 axb5 19. Ra1 Bd7 20. Qc2 Qe7 21. Bc3 e5 22. Qb2 exd4 23. Bxd4 Ng4 24. Bxg4 Bxg4 25. Nf4 Bxf4 26. exf4 Bf3 27. h4 Qd7 28. Kh2 Qg4 29. Be5 h6 30. Qd2 Rae8 31. Bd6 Rf5 32. Ra3 Rh5 33. Rxf3 exf3 34. Re1 Rxe1 35. Qxe1 Rxh4+ 36. Kg1 Rh1+ 0-1

[Event "Heusenstamm Sparkassen op-B 3rd"]
[Site "Heusenstamm"]
[Date "2016.11.27"]
[Round "1"]
[White "Mainka, Walter"]
[Black "Solovej, Philip"]
[Result "1-0"]
[WhiteElo "1601"]
[BlackElo "1132"]
[PlyCount "149"]
[EventDate "2016.11.27"]
[EventType "swiss"]
[EventRounds "7"]
[EventCountry "GER"]
[SourceTitle "EXT 2018"]
[Source "ChessBase"]
[SourceDate "2017.10.13"]
[SourceVersion "1"]
[SourceVersionDate "2017.10.13"]
[SourceQuality "1"]

1. d4 d5 2. e3 Nf6 3. Nf3 Bg4 4. Be2 e6 5. 0-0 Bd6 6. Nbd2 Ne4 7. a3 0-0 8. c4 Nxd2 9. Nxd2 Bxe2 10. Qxe2 dxc4 11. Nxc4 Nc6 12. b4 Qh4 13. g3 Qe4 14. Re1 Rfe8 15. Bb2 e5 16. f3 Qg6 17. d5 Ne7 18. e4 f6 19. Rac1 c5 20. Nxd6 Red8 21. Nxb7 Rdc8 22. Nd6 Rd8 23. bxc5 Rab8 24. Bc3 Rb3 25. Bb4 Qh5 26. Rc3 Rxc3 27. Bxc3 Rb8 28. Bb4 f5 29. Kg2 f4 30. g4 Qg6 31. Nc4 h5 32. Nxe5 Qg5 33. Nd7 Rd8 34. c6 hxg4 35. fxg4 Ng6 36. h3 Qh4 37. Qd3 Nf8 38. Bxf8 Qxe1 39. Be7 Re8 40. d6 f3+ 41. Kxf3 Qh1+ 42. Kg3 Qe1+ 43. Kf4 Qf2+ 44. Ke5 Qh2+ 45. Ke6 Qa2+ 46. Qd5 Qxa3 47. h4 Qf3 48. Ke5+ Kh7 49. Ke6 Kh8 50. Qh5+ Kg8 51. Qxe8+ Kh7 52. Nf8+ Kg8 53. Ng6+ Kh7 54. Ne5 Qb3+ 55. Kd7 a5 56. Qh5+ Kg8 57. Qe8+ Kh7 58. Qf7 Qe3 59. Qf5+ Kg8 60. c7 Qa7 61. Qf8+ Kh7 62. Nc6 Qb7 63. Qf5+ Kg8 64. Qxa5 Kh7 65. Qb4 Qa6 66. c8Q Qf1 67. Kc7 Qf7 68. Qf5+ Qxf5 69. exf5 Kg8 70. d7 Kh8 71. d8Q+ Kh7 72. Qd3 Kg8 73. f6 gxf6 74. Qg6+ Kh8 75. Bxf6# 1-0

[Event "Heusenstamm Sparkassen op-B 3rd"]
[Site "Heusenstamm"]
[Date "2016.11.27"]
[Round "6"]
[White "Mehl, Ulrich"]
[Black "Mainka, Walter"]
[Result "1-0"]
[WhiteElo "1556"]
[BlackElo "1601"]
[PlyCount "63"]
[EventDate "2016.11.27"]
[EventType "swiss"]
[EventRounds "7"]
[EventCountry "GER"]
[SourceTitle "EXT 2018"]
[Source "ChessBase"]
[SourceDate "2017.10.13"]
[SourceVersion "1"]
[SourceVersionDate "2017.10.13"]
[SourceQuality "1"]

1. d4 d5 2. c4 e6 3. Nc3 Nf6 4. Bg5 Be7 5. cxd5 exd5 6. e3 c6 7. Bd3 g6 8. Nge2 0-0 9. Qc2 Nh5 10. Bh6 Ng7 11. h4 Bxh4 12. Bxg7 Kxg7 13. g3 Be7 14. 0-0-0 Bg4 15. Rh2 Bf3 16. Re1 f5 17. Nf4 Qd7 18. Be2 Be4 19. Nxe4 fxe4 20. Reh1 Rh8 21. f3 Bg5 22. fxe4 Bxf4 23. gxf4 Na6 24. e5 Nb4 25. Qd1 Qf5 26. Qb3 a5 27. a3 c5 28. dxc5 Rac8 29. axb4 axb4 30. Qxd5 Rc7 31. Bc4 Rd7 32. Rxh7+ 1-0

[Event "Main Vogelsberg op 10th"]
[Site "Hanau"]
[Date "2015.05.25"]
[Round "7"]
[White "Mainka, Walter"]
[Black "Hoellwarth, Kai"]
[Result "0-1"]
[WhiteElo "1636"]
[BlackElo "1686"]
[PlyCount "86"]
[EventDate "2015.05.22"]
[EventType "swiss"]
[EventRounds "7"]
[EventCountry "GER"]
[SourceTitle "EXT 2016"]
[Source "ChessBase"]
[SourceDate "2015.10.08"]
[SourceVersion "1"]
[SourceVersionDate "2015.10.08"]
[SourceQuality "1"]

1. d4 Nf6 2. c4 e6 3. a3 c5 4. e3 b6 5. Nf3 Bb7 6. Nc3 Be7 7. Be2 0-0 8. 0-0 d5 9. cxd5 Nxd5 10. Qc2 Nd7 11. Rd1 Rc8 12. Qb1 cxd4 13. Nxd4 Nxc3 14. bxc3 Rxc3 15. Nb5 Rc5 16. a4 a6 17. Ba3 Rg5 18. Bxe7 Qxe7 19. Nd4 Rxg2+ 20. Kf1 Qh4 21. Ke1 Qxf2+ 22. Kd2 Qh4 23. Rg1 Rxg1 24. Qxg1 Qe7 25. Ke1 Nc5 26. Qg4 f5 27. Qh5 Qf6 28. Rd1 Nxa4 29. Rc1 Nc5 30. Bc4 Qe5 31. Ke2 Bd5 32. Bxd5 Qxd5 33. Rg1 Qd7 34. Rd1 Qf7 35. Qh3 e5 36. Nc6 Qc4+ 37. Ke1 Nd3+ 38. Rxd3 Qxd3 39. Ne7+ Kf7 40. Nxf5 Rd8 41. Qh5+ Kf8 42. Qh4 Qd1+ 43. Kf2 Qc2+ 0-1

[Event "Main Vogelsberg op 10th"]
[Site "Hanau"]
[Date "2015.05.23"]
[Round "3"]
[White "Mainka, Walter"]
[Black "Libuda, Thomas"]
[Result "0-1"]
[WhiteElo "1636"]
[BlackElo "1608"]
[PlyCount "72"]
[EventDate "2015.05.22"]
[EventType "swiss"]
[EventRounds "7"]
[EventCountry "GER"]
[SourceTitle "EXT 2016"]
[Source "ChessBase"]
[SourceDate "2015.10.08"]
[SourceVersion "1"]
[SourceVersionDate "2015.10.08"]
[SourceQuality "1"]

1. d4 g6 2. c4 Bg7 3. e4 d6 4. Nc3 Nf6 5. Be2 0-0 6. Nf3 Nbd7 7. b4 c5 8. bxc5 dxc5 9. d5 Nxe4 10. Nxe4 Bxa1 11. Bd2 Bg7 12. 0-0 h6 13. Qc1 Kh7 14. Be3 b6 15. Rd1 Nf6 16. Ng3 Bg4 17. Qc2 Bxf3 18. Bxf3 Qd6 19. a4 Rad8 20. Qc1 Qd7 21. h3 Qxa4 22. Bf4 Ng8 23. Re1 Qb4 24. Re2 a5 25. Bd2 Qb3 26. Re3 Qa2 27. Re1 f5 28. Ne2 Qb2 29. Qxb2 Bxb2 30. Rb1 Be5 31. Rxb6 Rb8 32. Rxb8 Rxb8 33. g3 a4 34. Be3 a3 35. Nc1 Rb1 36. Kg2 Rxc1 0-1

[Event "Dortmund Sparkassen op-B"]
[Site "Dortmund"]
[Date "2011.07.31"]
[Round "9"]
[White "Ziemek, Gerhard"]
[Black "Mainka, Walter"]
[Result "1-0"]
[WhiteElo "1690"]
[BlackElo "1477"]
[PlyCount "114"]
[EventDate "2011.07.23"]
[EventType "swiss"]
[EventRounds "9"]
[EventCountry "GER"]
[SourceTitle "EXT 2013"]
[Source "ChessBase"]
[SourceDate "2012.11.22"]
[SourceVersion "1"]
[SourceVersionDate "2012.11.22"]
[SourceQuality "1"]

1. d4 d5 2. Nc3 e6 3. Nf3 Nf6 4. Bg5 Be7 5. e3 a6 6. a4 Nbd7 7. Bd3 c5 8. 0-0 c4 9. Be2 Qc7 10. Nd2 Bb4 11. Bf4 Qa5 12. Ncb1 0-0 13. c3 Be7 14. Bf3 b5 15. e4 Ra7 16. Qe2 Bb7 17. e5 Ne8 18. Qd1 b4 19. Bg4 g6 20. Qf3 Ng7 21. Bh6 Ba8 22. h4 Bxh4 23. Qh3 Bd8 24. g3 Re8 25. Kg2 Nf8 26. Rh1 f5 27. exf6 Bxf6 28. Nf3 e5 29. Nbd2 bxc3 30. bxc3 exd4 31. cxd4 c3 32. Nb3 Qb4 33. Nc5 Rae7 34. Nd7 Nxd7 35. Bxd7 Rf8 36. Bxg7 Rxg7 37. Be6+ Kh8 38. Qg4 Qb2 39. Rab1 Qe2 40. Rhe1 Qa2 41. Qf4 Qa3 42. Rbc1 Be7 43. Qe3 Bb4 44. Ra1 Qb3 45. Reb1 Qc4 46. Ne5 a5 47. Nxc4 dxc4+ 48. d5 g5 49. Qd4 h5 50. f3 c2 51. Rh1 h4 52. Qxc4 Kh7 53. Qxc2+ Kh6 54. Rad1 Re7 55. Qe4 Bd6 56. gxh4 Rf4 57. hxg5+ Kxg5 1-0

[Event "Dortmund Sparkassen op-B"]
[Site "Dortmund"]
[Date "2011.07.29"]
[Round "7"]
[White "Fistoul, Ilja"]
[Black "Mainka, Walter"]
[Result "0-1"]
[WhiteElo "1358"]
[BlackElo "1477"]
[PlyCount "172"]
[EventDate "2011.07.23"]
[EventType "swiss"]
[EventRounds "9"]
[EventCountry "GER"]
[SourceTitle "EXT 2013"]
[Source "ChessBase"]
[SourceDate "2012.11.22"]
[SourceVersion "1"]
[SourceVersionDate "2012.11.22"]
[SourceQuality "1"]

1. e4 c5 2. Nf3 e6 3. d4 cxd4 4. Nxd4 Nc6 5. Nc3 a6 6. Be3 Bb4 7. Qd2 h6 8. Bc4 Nf6 9. f3 Ne5 10. Bb3 b5 11. a3 Ba5 12. Ba2 Bb7 13. Rd1 Nc4 14. Bxc4 bxc4 15. b4 cxb3 16. cxb3 Rc8 17. b4 Bc7 18. Na4 d6 19. 0-0 Nd7 20. b5 Ba5 21. Qe2 Ra8 22. Nc6 Qc7 23. Rc1 Bxc6 24. Rxc6 Qb8 25. b6 Ne5 26. Rc2 0-0 27. Rfc1 Qe8 28. b7 Rb8 29. Rc8 Qd7 30. Qxa6 Qxb7 31. Rxf8+ Kxf8 32. Qxd6+ Kg8 33. Qxe5 Bd8 34. Nc5 Qa8 35. Bf4 Rb5 36. Qd6 Bb6 37. a4 Qxa4 38. Kh1 Qa3 39. Nd3 Qa7 40. Qb8+ Kh7 41. Qxa7 Bxa7 42. h3 f6 43. Bxh6 Kxh6 44. Nf4 Be3 45. Re1 Bxf4 46. Rg1 Be3 47. Re1 Bf2 48. Rf1 Bd4 49. f4 Be3 50. g3 Rb3 51. g4 Bd4 52. Kg2 e5 53. h4 exf4 54. Rxf4 Be5 55. Rf3 Rb4 56. Re3 Rb2+ 57. Kf1 Rh2 58. g5+ Kh5 59. gxf6 gxf6 60. Re2 Rxh4 61. Ke1 Kg4 62. Kd2 Kf4 63. Kd3 Rh3+ 64. Kd2 Rg3 65. Kc2 Kf3 66. Kd1 Rg1+ 67. Kd2 Rg2 68. Kd1 Rg3 69. Kd2 Bf4+ 70. Kd1 Rg1+ 71. Kc2 Rg2 72. Kd1 Rg1+ 73. Kc2 Kxe2 74. Kc3 Ke3 75. e5 fxe5 76. Kc4 Rd1 77. Kc5 Kf2 78. Kc4 e4 79. Kc5 e3 80. Kc6 e2 81. Kc5 e1Q 82. Kc4 Qe4+ 83. Kc5 Be3+ 84. Kb5 Qc2 85. Ka6 Qb3 86. Ka5 Ra1# 0-1

[Event "Main Vogelsberg op 6th"]
[Site "Hanau"]
[Date "2011.06.02"]
[Round "1"]
[White "Hahn, Florian"]
[Black "Mainka, Walter"]
[Result "1-0"]
[WhiteElo "1894"]
[BlackElo "1476"]
[PlyCount "117"]
[EventDate "2011.06.02"]
[EventType "swiss"]
[EventRounds "7"]
[EventCountry "GER"]
[SourceTitle "CBM 142 Extra"]
[Source "ChessBase"]
[SourceDate "2011.06.27"]
[SourceVersion "1"]
[SourceVersionDate "2011.06.27"]
[SourceQuality "1"]

1. d4 d5 2. c4 e6 3. Nf3 Nf6 4. g3 Be7 5. Bg2 c6 6. Qc2 Nbd7 7. 0-0 0-0 8. Nbd2 a6 9. e4 g6 10. e5 Ne8 11. Re1 Ng7 12. Nf1 Re8 13. Ne3 Nf8 14. h3 b5 15. b3 Bb7 16. Bb2 Rc8 17. Rad1 a5 18. Nh2 f5 19. exf6 Bxf6 20. Nhg4 Rc7 21. cxb5 cxb5 22. Nxf6+ Kf7 23. Qd2 Qxf6 24. Qxa5 Qd8 25. Qxb5 Qa8 26. Ra1 Nd7 27. Qd3 Ba6 28. Qd2 Nf6 29. Rec1 Rec8 30. Rxc7+ Rxc7 31. Rc1 Ra7 32. Qc3 Nf5 33. Nxf5 gxf5 34. a3 Qb8 35. Qe3 Bc8 36. a4 Bd7 37. Ba3 Rb7 38. Rc3 Be8 39. Bc5 Qa8 40. Bd6 Qa5 41. Be5 Nd7 42. Rd3 Qa6 43. Bf1 Qa8 44. Qh6 Nxe5 45. Qxh7+ Kf6 46. Qh4+ Kg7 47. dxe5 Rf7 48. Rc3 Qb8 49. Qg5+ Kf8 50. Qh6+ Ke7 51. Qe3 Bd7 52. Qc5+ Kd8 53. Qa5+ Ke8 54. Qc7 Qb4 55. Bb5 d4 56. Qb8+ Ke7 57. Rc7 Qe1+ 58. Kg2 Qe4+ 59. Kh2 1-0

[Event "Dortmund Sparkassen op-B"]
[Site "Dortmund"]
[Date "2010.07.25"]
[Round "9"]
[White "Mainka, Walter"]
[Black "Steinberg, Christian"]
[Result "1/2-1/2"]
[WhiteElo "1569"]
[BlackElo "1460"]
[PlyCount "194"]
[EventDate "2010.07.17"]
[EventType "swiss"]
[EventRounds "9"]
[EventCountry "GER"]
[SourceTitle "EXT 2014"]
[Source "ChessBase"]
[SourceDate "2013.11.20"]
[SourceVersion "1"]
[SourceVersionDate "2013.11.20"]
[SourceQuality "1"]

1. d4 g6 2. c4 Bg7 3. Nc3 Nf6 4. Nf3 d6 5. g3 0-0 6. Bg2 Nbd7 7. 0-0 Rb8 8. e3 b6 9. Re1 Bb7 10. e4 c5 11. d5 Ne8 12. Qc2 Ne5 13. Nxe5 Bxe5 14. Be3 Qc7 15. Nb5 Qd7 16. f4 Bg7 17. Rad1 a6 18. Nc3 b5 19. b3 b4 20. Ne2 a5 21. h3 Ra8 22. Kh2 a4 23. Bf3 axb3 24. axb3 Qc7 25. Nc1 Qa5 26. Qg2 Nc7 27. Re2 Qb6 28. Rdd2 Rfd8 29. f5 Rf8 30. Bg5 f6 31. Bf4 Kh8 32. h4 Kg8 33. g4 Kf7 34. Qg3 Rg8 35. g5 Bh8 36. fxg6+ hxg6 37. Bg4 Bc8 38. Ra2 Bxg4 39. Qxg4 Qb7 40. Rad2 Qc8 41. Qg3 Qd7 42. Rg2 Qc8 43. Nd3 Ra3 44. Nf2 Bg7 45. Ng4 Ne8 46. Qh3 Ra8 47. Ra2 Nc7 48. Ra4 Rxa4 49. bxa4 Qa6 50. Qb3 Ra8 51. Ra2 Qa5 52. Nf2 Qb6 53. gxf6 Bxf6 54. Bg5 Qb8 55. Ng4 Qh8 56. Rf2 Ne8 57. e5 dxe5 58. Nxe5+ Kg7 59. Qg3 Qh7 60. Rg2 Ra6 61. Qf4 Qh5 62. Bh6+ Qxh6 63. Rxg6+ Qxg6 64. Nxg6 Kxg6 65. Qg4+ Kf7 66. h5 b3 67. Qg6+ Kf8 68. Kh3 Rxa4 69. h6 Ra1 70. h7 Bg7 71. Qf5+ Nf6 72. Qc8+ Kf7 73. Qb7 Kg6 74. Qxb3 Kxh7 75. Qe3 Rh1+ 76. Kg2 Rh2+ 77. Kg1 Rh4 78. Qxc5 Re4 79. Kg2 Kg6 80. Qb4 Nxd5 81. Qb1 Nf6 82. c5 Kf7 83. c6 Re6 84. Qb3 Ne8 85. Qd5 Nd6 86. c7 Kf6 87. Qa8 Kf7 88. Kf3 Kf6 89. c8Q Nxc8 90. Qxc8 Rd6 91. Qc3+ Kf7 92. Qc4+ Kf8 93. Qc8+ Kf7 94. Ke4 Re6+ 95. Kf4 Rf6+ 96. Kg4 Rg6+ 97. Kf3 Rf6+ 1/2-1/2

[Event "Dortmund Sparkassen op-B"]
[Site "Dortmund"]
[Date "2010.07.24"]
[Round "8"]
[White "Ropers, Klaus"]
[Black "Mainka, Walter"]
[Result "1-0"]
[WhiteElo "1865"]
[BlackElo "1569"]
[PlyCount "127"]
[EventDate "2010.07.17"]
[EventType "swiss"]
[EventRounds "9"]
[EventCountry "GER"]
[SourceTitle "EXT 2014"]
[Source "ChessBase"]
[SourceDate "2013.11.20"]
[SourceVersion "1"]
[SourceVersionDate "2013.11.20"]
[SourceQuality "1"]

1. d4 d5 2. Nf3 e6 3. c4 Nf6 4. g3 c6 5. Bg2 Nbd7 6. Qc2 b6 7. 0-0 Bb7 8. Nbd2 Rc8 9. b3 a5 10. Bb2 Be7 11. Rad1 0-0 12. Ne5 Nxe5 13. dxe5 Ne8 14. e4 d4 15. Qd3 c5 16. f4 Qc7 17. g4 g6 18. Qg3 f5 19. gxf5 exf5 20. Rde1 Ng7 21. Re2 Qd7 22. Bh3 Qe6 23. Nf3 Qc6 24. Nh4 Kh8 25. Bg2 Bxh4 26. Qxh4 Qd7 27. Bh3 Rce8 28. Bc1 Kg8 29. Bd2 d3 30. Re3 Qd4 31. Bg2 fxe4 32. Qf2 Rxe5 33. Qe1 Ree8 34. Bc3 Qd7 35. Bxe4 Bxe4 36. Rxe4 Rxe4 37. Qxe4 Re8 38. Be5 Nf5 39. Rd1 d2 40. Qd5+ Qxd5 41. cxd5 Nd4 42. Kf2 Rd8 43. d6 Nc6 44. Ke3 Kf7 45. Ke4 Ke6 46. Rxd2 Kd7 47. h4 Rf8 48. h5 gxh5 49. Rh2 Rf7 50. Rxh5 Nd8 51. f5 b5 52. Kd5 Nb7 53. Bb2 b4 54. Be5 c4 55. bxc4 a4 56. c5 Na5 57. f6 Nc6 58. Rh3 a3 59. Rg3 Nxe5 60. Kxe5 Kc6 61. Ke6 Rb7 62. f7 Rb8 63. Rb3 Kxc5 64. Ke7 1-0

[Event "Dortmund Sparkassen op-B"]
[Site "Dortmund"]
[Date "2010.07.22"]
[Round "6"]
[White "Kartseva, Nataly"]
[Black "Mainka, Walter"]
[Result "1/2-1/2"]
[WhiteElo "1402"]
[BlackElo "1569"]
[PlyCount "101"]
[EventDate "2010.07.17"]
[EventType "swiss"]
[EventRounds "9"]
[EventCountry "GER"]
[SourceTitle "EXT 2014"]
[Source "ChessBase"]
[SourceDate "2013.11.20"]
[SourceVersion "1"]
[SourceVersionDate "2013.11.20"]
[SourceQuality "1"]

1. d4 d5 2. Nf3 e6 3. Bg5 Nf6 4. e3 Be7 5. Nbd2 Nbd7 6. Bd3 c5 7. c4 0-0 8. 0-0 Re8 9. Rc1 b6 10. h3 Bb7 11. cxd5 exd5 12. dxc5 bxc5 13. b3 Rc8 14. Re1 h6 15. Bf4 Bf8 16. Qc2 Qb6 17. Qc3 Ne4 18. Bxe4 dxe4 19. Ne5 Nxe5 20. Bxe5 Qe6 21. Bf4 g5 22. Bg3 Bg7 23. Qc4 Bd5 24. Qe2 Qg6 25. Red1 Red8 26. Nc4 Qe6 27. Qe1 Bf6 28. Qa5 Rd7 29. Na3 Bd8 30. Qc3 Bf6 31. Qa5 Qb6 32. Qxb6 axb6 33. Nc4 Rc6 34. Rd2 Be6 35. Rxd7 Bxd7 36. Rd1 Bc8 37. Rd6 Rxd6 38. Nxd6 Ba6 39. Nxe4 Bd8 40. f4 Bd3 41. Nd2 b5 42. a3 Be7 43. Be1 Bf6 44. Nf3 gxf4 45. exf4 Bb2 46. a4 c4 47. bxc4 bxc4 48. Ne5 Bd4+ 49. Bf2 Bc3 50. Nxd3 cxd3 51. Kf1 1/2-1/2

[Event "Dortmund Sparkassen op-B"]
[Site "Dortmund"]
[Date "2010.07.18"]
[Round "2"]
[White "Sekulla, Markus"]
[Black "Mainka, Walter"]
[Result "1-0"]
[WhiteElo "1331"]
[BlackElo "1569"]
[PlyCount "75"]
[EventDate "2010.07.17"]
[EventType "swiss"]
[EventRounds "9"]
[EventCountry "GER"]
[SourceTitle "EXT 2014"]
[Source "ChessBase"]
[SourceDate "2013.11.20"]
[SourceVersion "1"]
[SourceVersionDate "2013.11.20"]
[SourceQuality "1"]

1. e4 c5 2. Nf3 Nc6 3. d4 cxd4 4. Nxd4 e6 5. Be3 a6 6. a3 Nf6 7. Nc3 Be7 8. Bd3 Ne5 9. Be2 b5 10. f4 Nc4 11. Bxc4 bxc4 12. e5 Nd5 13. Nxd5 exd5 14. Nf5 0-0 15. Qxd5 Rb8 16. Nxe7+ Qxe7 17. Bc5 Qe6 18. Qxe6 dxe6 19. Bxf8 Kxf8 20. 0-0-0 Bb7 21. Rd2 Bd5 22. Re1 g6 23. g4 h6 24. f5 Kg7 25. fxg6 fxg6 26. Rf1 Rb7 27. h4 Rc7 28. c3 a5 29. h5 gxh5 30. gxh5 Kh7 31. Rdf2 Rg7 32. Rf7 a4 33. Kd2 Be4 34. Ke3 Bd3 35. Rxg7+ Kxg7 36. Rf6 Bf5 37. Kd4 Bg4 38. Rg6+ 1-0